[Event "TUR Cup"]
[Site "Antalya"]
[Date "2017.02.02"]
[Round "9"]
[White "Nazli, Sertan"]
[Black "Dagli, Abdullah Onur"]
[Result "1-0"]
[WhiteElo "1594"]
[BlackElo "1493"]
[PlyCount "63"]
[EventDate "2017.01.28"]
[EventType "swiss"]
[EventRounds "11"]
[EventCountry "TUR"]
[SourceTitle "CBM 176 Extra"]
[Source "ChessBase"]
[SourceDate "2017.03.02"]
[SourceVersion "1"]
[SourceVersionDate "2017.03.02"]
[SourceQuality "1"]

1. f4 d5 2. Nf3 Nc6 3. e3 Nf6 4. Bb5 Bg4 5. b3 e6 6. Bb2 a6 7. Bxc6+ bxc6 8. d3 Bc5 9. d4 Be7 10. Nbd2 Ne4 11. 0-0 h5 12. Qe1 h4 13. Nxe4 dxe4 14. Ne5 Bf5 15. Nxc6 Qd7 16. Nxe7 Qxe7 17. Qd1 f6 18. Qe2 g5 19. d5 g4 20. Rad1 Kf7 21. Qc4 Kg6 22. Qc3 g3 23. h3 Rhf8 24. dxe6 Qxe6 25. Rd2 Bxh3 26. gxh3 Qxh3 27. f5+ Kh5 28. Qxc7 Qg4 29. Rf4 Qh3 30. Qe7 Kh6 31. Bxf6 Rg8 32. Rxh4+ 1-0

[Event "TUR Cup"]
[Site "Antalya"]
[Date "2017.02.01"]
[Round "7"]
[White "Capan, Ferman"]
[Black "Dagli, Abdullah Onur"]
[Result "1-0"]
[WhiteElo "1818"]
[BlackElo "1493"]
[PlyCount "61"]
[EventDate "2017.01.28"]
[EventType "swiss"]
[EventRounds "11"]
[EventCountry "TUR"]
[SourceTitle "CBM 176 Extra"]
[Source "ChessBase"]
[SourceDate "2017.03.02"]
[SourceVersion "1"]
[SourceVersionDate "2017.03.02"]
[SourceQuality "1"]

1. d4 d5 2. c4 e6 3. Nc3 Bb4 4. Nf3 Bxc3+ 5. bxc3 Nc6 6. e3 Nf6 7. Ba3 Ne4 8. Qc2 Ne7 9. Bd3 f5 10. 0-0 0-0 11. Ne5 Nd6 12. cxd5 exd5 13. c4 c6 14. Rab1 Ne4 15. f4 Rf6 16. Bxe7 Qxe7 17. Bxe4 dxe4 18. Qb3 Kh8 19. Rfd1 b6 20. d5 Bb7 21. d6 Qe6 22. c5 Qxb3 23. Rxb3 b5 24. a4 a6 25. axb5 axb5 26. d7 Rd8 27. Ra3 Rff8 28. Ra7 Bc8 29. Nf7+ Rxf7 30. dxc8Q Rxc8 31. Rxf7 1-0

[Event "TUR Cup"]
[Site "Antalya"]
[Date "2017.01.30"]
[Round "4"]
[White "Dagli, Abdullah Onur"]
[Black "Demirkilic, Koksal"]
[Result "0-1"]
[WhiteElo "1493"]
[BlackElo "1599"]
[PlyCount "78"]
[EventDate "2017.01.28"]
[EventType "swiss"]
[EventRounds "11"]
[EventCountry "TUR"]
[SourceTitle "CBM 176 Extra"]
[Source "ChessBase"]
[SourceDate "2017.03.02"]
[SourceVersion "1"]
[SourceVersionDate "2017.03.02"]
[SourceQuality "1"]

1. e4 c5 2. Nf3 d6 3. d4 cxd4 4. Bc4 e6 5. Nxd4 Nf6 6. Nc3 a6 7. a4 Qc7 8. Bd3 Nc6 9. Nxc6 Qxc6 10. 0-0 b6 11. Bd2 Bb7 12. f3 Be7 13. Qe2 0-0 14. Be3 d5 15. e5 Nd7 16. f4 Bc5 17. Bf2 f5 18. Qf3 Qc7 19. Qg3 Rf7 20. Be2 Bxf2+ 21. Qxf2 Nc5 22. Rac1 Rd8 23. b4 Nd7 24. Qd4 Rc8 25. Nd1 a5 26. bxa5 bxa5 27. Kh1 Qc5 28. Qd3 Nb6 29. Qb3 Nc4 30. Bxc4 Qxc4 31. Ne3 Qe4 32. Rf3 d4 33. Nf1 Rc3 34. Nd2 Rxb3 35. Nxe4 Rxf3 36. gxf3 fxe4 37. Rd1 exf3 38. Kg1 Rxf4 39. Rb1 f2+ 0-1